[Event "URS-ch55"]
[Site "Moscow"]
[Date "1988.07.??"]
[Round "15"]
[White "Salov, Valery"]
[Black "Eingorn, Vereslav S"]
[Result "1/2-1/2"]
[WhiteElo "2625"]
[BlackElo "2560"]
[Annotator "ChessBase"]
[PlyCount "84"]
[EventDate "1988.07.??"]
[EventType "tourn"]
[EventRounds "17"]
[EventCountry "URS"]
[EventCategory "14"]
[SourceTitle "URS-ch"]
[Source "ChessBase"]
[SourceDate "1999.07.01"]
[SourceVersion "1"]
[SourceVersionDate "1999.07.01"]
[SourceQuality "1"]

1. Nf3 c5 2. b3 Nf6 3. Bb2 e6 4. g3 b6 5. Bg2 Bb7 6. O-O d5 7. c4 dxc4 (7...
Be7 {-A14}) 8. bxc4 Be7 9. d3 (9. e3 O-O 10. Qe2 Nc6 11. Nc3 {-A14}) 9... O-O
10. Nbd2 $5 Nfd7 $5 {/\Bf6} 11. e4 $6 a6 12. e5 (12. a4 Nc6 13. e5 Nb4 14. Qe2
Nb8 $15) 12... b5 13. Qe2 Nc6 14. h4 (14. Ne4 Qc7 {><e5}) (14. a4 $5 $13) 14...
Nb6 15. Ne4 Na4 16. Bc1 Nd4 17. Nxd4 Qxd4 18. Bf4 Nc3 (18... Bxe4 $142 19. Qxe4
Rab8 $5 $36 {/\Nc3} (19... Qxe4 $15 {/\Rab8})) 19. Nxc3 Bxg2 20. Kxg2 (20. Nxb5
$2 Bxf1) 20... Qxc3 21. Qe4 Ra7 (21... Rfd8 22. cxb5 axb5 23. Qb7 $10) (21...
Qa5 $5 $15) 22. a4 $1 $10 bxa4 $6 (22... b4 23. Rfc1 Qb2 24. Rcb1 $10) 23. Rfc1
Qb4 24. Rcb1 Qc3 25. Rxa4 $14 a5 26. Be3 Rd8 27. Rb5 h5 $8 28. Bxc5 Bxc5 29.
Rxc5 Qxd3 30. Qxd3 Rxd3 31. Rcxa5 Rxa5 32. Rxa5 Rc3 33. Ra4 (33. Rc5 $142 $14)
33... Kh7 34. Kf1 Kg6 35. Ke2 Kf5 36. Kd2 $6 (36. Ra7 f6 37. exf6 $14) 36...
Rf3 37. Ra7 Kxe5 $10 (37... Rxf2+ $10) 38. Ke2 Rf5 39. Rd7 Ke4 40. c5 f6 41. c6
Rc5 42. f3+ Kf5 1/2-1/2

[Event "Interzonal-13c"]
[Site "Biel"]
[Date "1985.07.07"]
[Round "5"]
[White "Sokolov, Andrei"]
[Black "Li, Zunian"]
[Result "1-0"]
[WhiteElo "2555"]
[BlackElo "2465"]
[Annotator "ChessBase"]
[PlyCount "63"]
[EventDate "1985.07.02"]
[EventType "tourn"]
[EventRounds "17"]
[EventCountry "SUI"]
[EventCategory "12"]
[SourceTitle "IZT"]
[Source "ChessBase"]
[SourceDate "1999.07.01"]
[SourceVersion "1"]
[SourceVersionDate "1999.07.01"]
[SourceQuality "1"]

1. c4 e6 2. Nf3 Nf6 3. g3 d5 4. b3 c5 5. Bg2 Nc6 6. O-O Be7 7. Bb2 O-O 8. e3 b6
9. Qe2 Bb7 10. Rd1 dxc4 11. bxc4 Qc7 12. Nc3 a6 13. Rab1 Rfd8 14. Ba1 Rab8 15.
d3 (15. d4 $6 cxd4 16. exd4 Na5 $36) 15... Na7 $6 16. d4 $1 cxd4 (16... Ne4
$142 17. Na4 Bc6 $5) 17. exd4 b5 (17... Rbc8 18. Qb2 $16) 18. d5 $1 exd5 (18...
Qxc4 19. Qxc4 bxc4 20. dxe6 Rxd1+ 21. Nxd1 fxe6 22. Ng5 Nb5 23. a4 Nd6 24. Be5
$18) 19. Nxd5 Nxd5 20. cxd5 Rxd5 (20... Bxd5 21. Be5 Bxf3 22. Bxc7 Bxe2 23.
Rxd8+ Rxd8 24. Bxd8 Bxd8 25. Re1 $16 {Sokolov}) 21. Re1 Bf8 22. Be5 Bd6 $8 23.
Rbc1 Nc6 (23... Qd7 24. Bxd6 Qxd6 25. Rc7 $1 g6 (25... Qxc7 $2 26. Qe8+) 26.
Qe7 Qxe7 27. Rexe7 Rd1+ 28. Ne1 Bxg2 29. Kxg2 Nc8 30. Re8+ Kg7 31. Nf3 $18 {
Sokolov}) 24. Ba1 Qd7 25. Nh4 $1 Rg5 26. Rcd1 Qc7 27. Qd2 Be7 28. Qd7 Qxd7 29.
Rxd7 Bb4 $2 (29... Bf8 $8 30. Bd5 Nd8 31. Be5 $16) 30. Red1 Na5 31. Bc3 $1 Bxg2
32. Bxb4 $18 {/\Kg2,Ba5} 1-0

[Event "Yerevan"]
[Site "Yerevan"]
[Date "1976.03.27"]
[Round "7"]
[White "Ornstein, Axel"]
[Black "Gulko, Boris F"]
[Result "1-0"]
[WhiteElo "2470"]
[BlackElo "2530"]
[Annotator "ChessBase"]
[PlyCount "109"]
[EventDate "1976.03.19"]
[EventType "tourn"]
[EventRounds "15"]
[EventCountry "URS"]
[SourceTitle "EXT 1999"]
[Source "ChessBase"]
[SourceDate "1998.11.16"]
[SourceVersion "1"]
[SourceVersionDate "1998.11.16"]
[SourceQuality "1"]

1. Nf3 Nf6 2. c4 b6 3. g3 Bb7 4. Bg2 e6 5. O-O Be7 6. b3 O-O 7. Bb2 d5 8. cxd5
exd5 9. e3 Re8 10. d3 c5 11. d4 Ne4 12. Nc3 Bf6 13. Rc1 Nc6 14. Ne2 b5 15. Nf4
Rc8 16. Nh5 c4 17. Nxf6+ Qxf6 18. Ne5 Nxe5 19. dxe5 Qe7 20. Bd4 b4 21. f3 Nc5
22. f4 Ba6 (22... c3) 23. Bxd5 cxb3 $2 (23... c3) 24. Bxc5 (24. Bc4) 24... Rxc5
25. Rxc5 Qxc5 26. Qxb3 Bxf1 27. Bxf7+ Kf8 28. Kxf1 Rd8 29. Bg8 (29. Bh5) 29...
Qc1+ (29... Rd7) 30. Kg2 Qc6+ (30... Rd2+ 31. Kf3 Qf1+ 32. Ke4 Qg2+ 33. Kf5 g6+
(33... Qb7 34. Qc4 g6+ 35. Kg4 $11) 34. Kf6 Qc6+ 35. Qe6 Rc2 $17) 31. Kh3 Qh6+
32. Kg4 Qg6+ 33. Kf3 h5 (33... Qc6+ $11) 34. Bd5 a5 35. Qc4 Qb6 $2 (35... Qg4+
36. Kf2 Qd1 37. e4 Qh1 38. Qc5+ Ke8 39. Bc6+ Kf7 40. Bd5+ $11) 36. Qe4 $16 Ke7
37. f5 Qc5 38. Qh4+ Kd7 39. e6+ Kc7 40. e4 a4 41. Qg5 $16 {Sealed move} Rxd5
42. Qxg7+ Kc6 43. exd5+ Qxd5+ 44. Ke3 Qxf5 45. Qd7+ Kc5 46. Qd4+ Kb5 47. Qd3+
Qxd3+ 48. Kxd3 Kc6 49. Kc4 b3 50. axb3 axb3 51. Kxb3 Kd6 52. Kc4 Kxe6 53. Kd4
Kf5 54. h3 Kf6 55. Ke4 1-0

[Event "Haninge"]
[Site "Haninge"]
[Date "1989.??.??"]
[Round "?"]
[White "Ftacnik, Lubomir"]
[Black "Wedberg, Tom Birger"]
[Result "1-0"]
[WhiteElo "2550"]
[BlackElo "2510"]
[Annotator "ChessBase"]
[PlyCount "99"]
[EventDate "1989.??.??"]
[EventType "tourn"]
[EventRounds "11"]
[EventCountry "SWE"]
[EventCategory "13"]
[SourceTitle "CBM 013"]
[Source "ChessBase"]
[SourceDate "1989.12.01"]
[SourceVersion "1"]
[SourceVersionDate "1989.12.01"]
[SourceQuality "1"]

1. c4 e6 2. Nf3 Nf6 3. g3 d5 4. b3 Be7 5. Bb2 O-O 6. Bg2 b6 7. O-O Bb7 8. e3
Na6 $6 (8... c5 9. Qe2 Nc6) 9. Ne5 (9. Qe2 $5 dxc4 (9... Nc5 10. Ne5) 10. bxc4
Nc5 11. d4 Na4 12. Bc1 {>< Na4}) 9... c5 (9... Nd7 $2 10. Nxd7 Qxd7 11. Qg4 f6
12. Bh3 Bc8 13. cxd5 $18) 10. Nc3 Nb4 (10... Qc7 11. Nb5 Qb8 12. f4 Nc7 13. Nc3
{>< Nc7}) 11. Qe2 (11. d4 Ne4) 11... Rc8 (11... Qc7 12. f4 Rad8) 12. Rfd1 Qc7 (
12... Nc6 13. d4) 13. f4 Rcd8 $6 (13... Rfd8 14. Nb5 Qb8 15. Ng4 Ne8 $8 16. a3
$36) (13... Nc6 14. Nb5 Qb8 15. g4 a6 16. g5 $1 $40) 14. Rac1 a6 (14... d4 15.
exd4 (15. Nb5 Qb8 16. a3 Na6 (16... a6 17. axb4 axb5 18. cxb5 $16) 17. exd4
cxd4 18. b4 $16) 15... cxd4 16. Nb5 Qb8 17. Bxb7 (17. a3 d3 18. Qf1 Bc5+ 19.
Kh1 Ne4) 17... Qxb7 18. a3 d3 19. Qg2 Qxg2+ 20. Kxg2 Nc2 $13) (14... Nc6 15. d4
$1 dxc4 16. Nb5 $18) 15. d4 dxc4 (15... Nc6 16. dxc5 bxc5 (16... Nxe5 17. fxe5
Nd7 18. c6 $1 Bxc6 19. cxd5 $18) (16... Bxc5 17. Na4 $16) 17. Nxc6 Qxc6 18. Na4
{>< c5,d5}) 16. bxc4 cxd4 (16... Nc6 17. d5 $1 exd5 (17... Nxe5 18. fxe5 Qxe5
19. d6 $18) 18. Nxd5 Nxd5 19. cxd5 $16) 17. exd4 Bxg2 (17... Nc6 18. Na4 $1 (
18. d5 Bc5+ 19. Kh1 Nd4 20. Qf1 Nf5 $1) 18... Nxe5 19. fxe5 Nd7 20. d5 $16) (
17... Rxd4 18. Rxd4 Bc5 19. Na4 $18) 18. Qxg2 Rc8 (18... Rd6 19. a3 Nc6 20. Nb5
$1 axb5 21. cxb5 $18) (18... Nd7 19. a3 Nxe5 20. fxe5 Nc6 21. Nd5 $1 Qb8 $8 22.
Nf4 Qb7 23. d5 $16) 19. a3 Nc6 20. Nd5 $1 (20. Nb5 Qb7) 20... exd5 (20... Qd6
21. Nxb6 $18) 21. cxd5 Qd6 22. dxc6 (22. Rxc6 Qxd5 23. Rxb6 Rb8 $44) (22. Nxc6
Rc7 $1 {/\ Nd5}) 22... Nd5 (22... Rfd8 23. d5 $1 Nxd5 24. c7 $1 $18) 23. Re1
Rfd8 $2 (23... f6 24. Nc4 Qd8 25. Ne3 Nxe3 26. Rxe3 $18) (23... Bf6 $1 24. Nd7
(24. Qf3 Rfd8 25. Rc2 $16) 24... Rfd8 25. Re5 Rxd7 $1 (25... Bxe5 26. dxe5 Qe6
27. f5 $18) 26. cxd7 Rxc1+ 27. Bxc1 Bxe5 28. dxe5 Qxd7) 24. Nc4 Qc7 (24... Qxc6
25. Ne3 Nxe3 26. Qxc6 $18) 25. Re5 Nf6 (25... Qxc6 26. Ne3 Qxc1+ 27. Bxc1 Rxc1+
28. Nf1 $18) 26. Ne3 (26. Nxb6 $5 Qxb6 27. Rxe7 Nd5 28. Rb7 (28. Re5 $22 Rxc6
29. Qxd5 $18) 28... Qa5 29. Rd7 Ne3 (29... Rxd7 30. cxd7 Rxc1+ 31. Bxc1 Qe1+
32. Qf1 Qe7 33. Qxa6 $18) 30. Rxd8+ Qxd8 31. Qe4 $18) 26... Bd6 27. g4 (27. d5
Bc5 (27... b5 $5 $16) 28. Rxc5 bxc5 29. Nf5 Re8 30. d6 $18) 27... b5 28. g5 $32
Bxe5 (28... Nh5 29. Nd5 Qa7 30. c7 Bxc7 31. Ne7+ Kf8 32. Nxc8 $18) (28... Ne8
29. Nd5 Qa7 30. Qe4 $16) 29. fxe5 Nh5 (29... Ne8 30. Qe4 (30. d5 Qb6 31. Qe4 $2
(31. Qf2 $5 {/\ Rf1,e6 ~/=}) 31... Rxd5) 30... Qa7 31. Kh1 {/\ d5 +-}) 30. Nd5
$6 (30. Qf3 $1 g6 (30... Qb6 31. Qxh5 Rxd4 32. Bxd4 Qxd4 33. Qh3 $18) 31. d5
$18) 30... Rxd5 (30... Qa7 31. c7 Rd7 (31... Re8 32. Qg4 g6 33. Ne7+ $18) 32.
Qg4 $18) 31. Qxd5 Nf4 32. Qf3 Ne6 33. d5 (33. h4 Qb6 34. Qe4 Nd8) 33... Nxg5 (
33... Qb6+ 34. Qf2 Qxf2+ 35. Kxf2 Nxg5 36. Ke3 $18) 34. Qe3 Qd8 (34... h6 35.
h4 Nh7 36. d6 Qd8 37. d7 Rc7 38. e6 Qxh4 39. exf7+ $18) 35. h4 Qxd5 $8 36. Qxg5
(36. hxg5 Rxc6 37. Rxc6 Qxc6 38. Qd4 $18) 36... h6 37. Qg2 Qd3 38. Kh1 $138 (
38. e6 Qe3+ (38... f6 39. Re1 $18) 39. Kh1 f6 40. Rg1 Rc7 (40... g5 41. Bxf6
Rxc6 42. hxg5 $18) 41. Bxf6 Qxe6 42. Bxg7 Qxc6 43. Bxh6+ $18) 38... g6 39. c7 (
39. e6 fxe6 40. Be5 $1 {/\ Bh2 +-}) 39... Qd7 40. e6 Qxe6 41. h5 Kh7 (41... g5
42. Bd4 Qe7 43. Qd5 Qxa3 44. Qd8+ Kh7 45. Rc3 $18) 42. hxg6+ fxg6 43. Qg3 $1 a5
(43... Re8 44. Be5 $1 (44. c8=Q $6 Rxc8 45. Rc7+ Kg8 46. Rxc8+ (46. Rg7+ Kf8
47. Rxg6 Qe4+ 48. Kg1 Qb1+) 46... Qxc8 47. Qxg6+ Kf8 $13) 44... Qd5+ 45. Qg2 $3
Qxe5 46. c8=Q Rxc8 47. Qb7+ $18) 44. Be5 Rf8 (44... b4 45. axb4 axb4 46. Rd1 b3
(46... Qf5 47. Qf4 Qh3+ 48. Kg1 Qe6 49. Qd4 $18) 47. Qd3 Qxe5 48. Qd7+ Qg7 49.
Qxc8 b2 50. Qd7 $18) 45. Rd1 Rf5 (45... Qc6+ 46. Qg2 $18) (45... Qf5 46. Kg1
Kg8 47. Qf4 $1 Qc2 48. Rd8 $18) (45... b4 46. Rd6 Qf5 47. Qd3 $1 Qxe5 48. Qxg6+
Kh8 49. Qxh6+ Kg8 50. Rg6+ Kf7 51. Qh7+ $18) 46. Rd6 Rh5+ 47. Kg1 Qf5 48. c8=Q
Qb1+ 49. Kf2 Qa2+ 50. Ke3 {(Lubomir Ftacnik)} 1-0

[Event "Pyramiden Franken Cup 2nd"]
[Site "Fuerth"]
[Date "1999.08.26"]
[Round "6"]
[White "Chuchelov, Vladimir"]
[Black "Michaelsen, Nils"]
[Result "0-1"]
[WhiteElo "2535"]
[BlackElo "2439"]
[Annotator "Chuchelov,V"]
[PlyCount "78"]
[EventDate "1999.08.21"]
[EventType "swiss"]
[EventRounds "9"]
[EventCountry "GER"]
[SourceTitle "EXT 2000"]
[Source "ChessBase"]
[SourceDate "1999.11.16"]
[SourceVersion "1"]
[SourceVersionDate "1999.11.16"]
[SourceQuality "1"]

1. c4 e6 2. Nf3 d5 3. g3 c5 4. Bg2 Nc6 5. O-O Nf6 6. b3 Be7 7. e3 O-O 8. Bb2 b6
9. Nc3 Ba6 10. d3 Rc8 11. Qe2 Re8 12. Rfd1 Bf8 13. a3 $5 g6 14. Na2 $1 Bg7 (
14... e5 15. b4 $36) (14... b5 15. b4 $1 bxc4 16. dxc4 cxb4 17. axb4 Bxb4 (
17... Bxc4 18. Qxc4 dxc4 19. Rxd8 Rexd8 20. Bxf6 $16) 18. Nxb4 Nxb4 19. Ne5 Qe7
20. Qf3 $16) 15. b4 Nb8 16. Nc3 Nbd7 17. b5 Bb7 18. a4 $14 Rc7 $6 (18... Qc7)
19. a5 h6 $5 (19... e5 20. cxd5 Nxd5 21. Nxd5 Bxd5 22. Nd2 Bxg2 23. Kxg2 $16)
20. Na4 Nh7 21. Bxg7 Kxg7 22. cxd5 $5 Bxd5 $6 (22... exd5 23. d4 Nhf6 $14) 23.
e4 Ba8 24. d4 Qb8 $2 (24... cxd4 $1 25. axb6 axb6 26. Nxd4 Qf6 27. Nc6 e5) 25.
axb6 axb6 26. e5 $138 (26. Qb2 $1 Kg8 (26... Nhf6 27. dxc5 Nxc5 28. Ne5 $16)
27. dxc5 Nxc5 28. Ne5 $16) 26... Nhf8 27. h4 Bd5 $1 28. Qe3 (28. Nc3 $5 Bxf3
29. Bxf3 cxd4 30. Ra8 Qxa8 31. Bxa8 Rxa8 32. Ne4 Nxe5 $132) 28... Rec8 29. Nh2
$138 h5 $1 (29... Bxg2 30. Ng4 $1 g5 31. Kxg2 $36) 30. Nf3 Ra7 31. Qf4 cxd4 (
31... Bb3 32. Ng5 Bxd1 33. Qxf7+ Kh8 34. Rxd1 cxd4 $1 (34... Rxa4 35. Bh3 $1
Re8 36. Bxe6 Rxe6 37. Nxe6 Nxe6 38. Qxe6 $16) 35. Bh3 Nxe5 36. Qf6+ Rg7 37.
Nxb6 Rd8 $1) (31... Bxf3 32. Bxf3 cxd4 $17) 32. Ng5 Nxe5 $2 (32... Bxg2 $1 33.
Qxf7+ Kh8 34. Kxg2 Qa8+ 35. Kh2 Rxa4) 33. Bxd5 exd5 34. Qxd4 $2 $138 (34. Nxb6
$1 Qxb6 (34... Rxa1 35. Rxa1 Qxb6 36. Qxe5+ Kg8 37. Qxd5 $16) 35. Rxa7 Qxa7 36.
Qxe5+ f6 37. Ne6+ Nxe6 $1 (37... Kf7 38. Qxd4 Qxd4 39. Nxd4 $14) 38. Qxe6 Qb7
39. Qd6 $1) 34... Rc4 35. Qxb6 Rb7 36. Qe3 Rxb5 37. Re1 f6 38. Nf3 Rb3 39. Qe2
Re4 0-1

[Event "NED-ch54"]
[Site "Rotterdam "]
[Date "1999.06.05"]
[Round "7"]
[White "Van der Sterren, Paul"]
[Black "Cifuentes Parada, Roberto"]
[Result "1-0"]
[WhiteElo "2535"]
[BlackElo "2529"]
[Annotator "Cifuentes Parada,L"]
[PlyCount "131"]
[EventDate "1999.05.29"]
[EventType "tourn"]
[EventRounds "11"]
[EventCountry "NED"]
[EventCategory "12"]
[SourceTitle "CBM 072"]
[Source "ChessBase"]
[SourceDate "1999.10.01"]
[SourceVersion "1"]
[SourceVersionDate "1999.10.01"]
[SourceQuality "1"]

1. c4 {Ribli} e6 2. b3 {Ribli: 'Eine interessante Zugfolge. Weiß möchte zuerst
den Läufer in die lange Diagonale stellen.'} d5 3. Bb2 Nf6 4. Nf3 Be7 5. g3 {
Ribli: 'Der andere Läufer strebt auch in die lange Diagonale.'} O-O {Ribli:
'Schwarz wählt einen aggressiven Plan. Die Hauptalternativen wären ...0-0, ...
c5, ...Nc6 oder ...Nbd7, ...b6, ...Bb7.'} 6. Bg2 a5 7. O-O a4 8. Na3 b6 9. d3 (
9. d4 {Ribli Dieser Zug wäre nicht logisch, denn er schwächt das Feld d4 und
schränkt die Beweglichkeit des Läufers b2 ein.} Ne4 $11) 9... Bb7 10. Qd2 {
'+/=' Ribli. Ribli: 'Weiß hat eine harmonische Stellung und möchte 11.b4 mit
Raumvorteil am Damenflügel ziehen.'} Nc6 11. Nc2 axb3 (11... a3 {Ribli} 12. Bc3
$14 {Der schwarze Bauer a3 ist im Moment verteidigt, aber dennoch eine
dauerhafte potentielle Schwäche.}) 12. axb3 Rxa1 (12... Na5 13. b4 Nb3 14. Rxa8
Nxd2 15. Rxd8 Nxf3+ 16. Bxf3 Rxd8 17. Ra1 Ra8 18. Rxa8+ Bxa8 19. b5 $14) 13.
Bxa1 (13. Rxa1 {Ribli} Qd6 $14) 13... Qd6 (13... Qd7 {Ribli} 14. Qc3 $14) 14.
Qc3 {Ribli: 'Weiß bereitet den Zug b3-b4 vor, klärt die unangenehme
Gegenüberstellung der Damen und kontrolliert die wichtige lange Diagonale.'} (
14. b4 $2 {Ribli} dxc4 15. dxc4 Nxb4 $17) 14... Ra8 15. cxd5 $1 {'!?' Ribli.} (
15. Bb2 {Ribli} Bf8 {Schwarz verteidigt den Punkt g7 und befreit so seinen
Springer.} 16. cxd5 $6 Nxd5 $15 {[%csl Yb4][%cal Gc6b4,Gd5b4] Das ist der
Unterschied: Schwarz kann mit dem Springer auf d5 nehmen und nach b4 streben.})
15... exd5 (15... Qxd5 $5 {Ribli: Auf ersten Blick scheint die Dame schlecht
auf d5 zu stehen, aber ich weiß nicht, wie Weiß das ausnutzen soll.} 16. Ne5 $2
Nd4 $1 $19 {[%csl Rc3,Rg1][%cal Rd4e2,Re2c3,Re2g1,Rb7g2]} (16... Qxe5 17. Qxe5
Nxe5 18. Bxb7 $14)) 16. b4 {'!?' Ribli. Ribli: 'Weiß hat Initiative am
Damenflügel. Der c6-Springer steht unglücklich.'} Ne8 $1 (16... b5 {Ribli}) (
16... Nxb4 {Ribli} 17. Nxb4 Qxb4 18. Qxc7 $36 {Die schwarze Bauernstruktur ist
schwach, denn der d- und b-Bauer sind isoliert.}) 17. b5 {Ribli: 'Der Bauer b5
sichert dem Weißen Raumvorteil am Damenflügel. Die schwarzen Bauern sind
festgelegt.'} Nb4 (17... Bf6 {Ribli} 18. bxc6 Bxc3 19. cxb7 Rb8 20. Bxc3 Rxb7 (
20... Qc5 21. Ra1 Qxc3 22. Ra8 $18) 21. Ra1 $16 {Weiß hat drei Leichtfiguren
für die Dame.}) 18. Ncd4 Na2 $1 (18... Bf6 {Ribli} 19. Bb2 $14 (19. Qb3 $14))
19. Qc2 Qc5 (19... Nb4 {Ribli} 20. Qb3 $14) 20. Ne5 $13 {Ribli: 'Das Feld c6
ist eine potentielle Schwäche im Lager des Schwarzen.'} Qxc2 21. Nxc2 Nd6 22.
Rb1 (22. Nd4 {Ribli} Bf6 (22... Nb4) 23. Nec6 $14) {Ribli: [#]} 22... Nxb5 $1 {
'~~!?' Ribli. Ribli: 'Ein unerwartetes zeitweiliges Opfer!'} (22... Bf6 23. f4)
23. Rxb5 Nb4 24. Rxb4 $6 (24. Nxb4 Rxa1+ 25. Bf1 Rb1 26. Nxd5 Rxb5 27. Nxe7+
Kf8 28. N7c6 {'~~' Ribli. Ribli: 'Weiß hat zwei Leichtfiguren gegen den Turm,
aber seine Springer sind aneinander gebunden.'} f6 29. Nd8 $1 Bc8 30. Nec6 Rb1
31. Kg2 b5 $17) (24. Bc3 $1 Nxc2 25. Bxd5 Bxd5 26. Rxd5 f6 (26... Ra3 27. Rd7
Kf8 28. Rxc7 Bd6 29. Rc6 Bc5 30. Bb2) 27. Rd7 Bb4 28. Bxb4 Nxb4 29. Nc4 Na6 30.
Ne3 Rf8 31. Nf5 Rf7 32. Rd8+ Rf8 33. Rd7 Rf7 $11) 24... Bxb4 $138 25. Bd4 {
Ribli: 'Weiß hat zwei Springer gegen Turm und Bauern. Die Verwertung des
Materialvorteils ist nicht leicht, denn Schwarz hat keine Schwächen.'} Bd6 (
25... Bf8 $1 26. Ne3 f6 27. Nd7 $8 Ba3 $1 {x Nd7} 28. Nxd5 Rd8 29. N5xf6+ gxf6
30. Nxf6+ Kf7 31. Bxb7 Rxd4 32. Ne4 b5 $17) (25... c5 $5 $13 {Ribli}) 26. Nc4
$1 dxc4 (26... Bf8 $13 {Ribli}) 27. Bxb7 Ra2 (27... Re8 {Ribli} 28. Kf1 cxd3
29. exd3 $14) 28. Ne3 cxd3 (28... c5 $1 29. Nxc4 Bf8 $1 (29... Bc7 30. Be5 Bxe5
31. Nxe5 Rxe2 32. f4 f6 33. Bd5+ Kh8 34. Nf7+ Kg8 35. Ne5+ $11) (29... Be7) 30.
Be5 b5 31. Ne3 Rxe2 $15) 29. exd3 c5 30. Nc4 (30. Bxg7 {Ribli} Bxg3 31. hxg3
Kxg7 32. Bc6 $11) 30... Bf8 $2 (30... Bc7 $1 31. Be5 b5 $1 32. Nd6 (32. Bxc7
bxc4 33. Be4 (33. dxc4 Ra7 34. Bd6 Rxb7 35. Bxc5 Rc7 36. Be3 Rxc4 $17) 33... c3
$19) 32... Rd2 33. f4 Bxd6 34. Bxd6 b4 35. Bxc5 b3 36. d4 b2 37. Be4 g6 $17)
31. Be5 f6 {'?' Ribli. Ribli: 'Dieser Zug schwächt die schwarze Königsstellung
und bietet Weiß so ausgezeichnete Chancen in der a2-g8 Diagonalen.'} (31... b5
32. Nd6 Bxd6 33. Bxd6 c4 {'=/+' Ribli.} (33... b4 $15 {Ribli}) 34. dxc4 bxc4
35. Be5 $15) 32. Bd5+ Kh8 33. Nxb6 $1 Ra3 (33... Ra6 {Ribli} 34. Bc7 $16) 34.
Bf4 Rxd3 35. h4 $14 {Ribli: 'In der weißen Stellung ist alles verteidigt und
der Bauer c5 ist blockiert. Es ist daher nicht leicht für Schwarz, Gegenspiel
zu organisieren.'} g6 36. Kf1 Kg7 (36... Rd1+ {Ribli} 37. Ke2 Rb1 38. Nc4 $14)
37. Ke2 Ra3 38. Nd7 Be7 39. Be3 Ra5 40. Kd3 Rb5 41. Bc4 (41. Kc4 {Ribli} Rb4+)
41... Ra5 42. Ke4 {Ribli: 'Der weiße Koenig strebt nach d5, um den Bauern c5
zu gewinnen.'} Ra7 $1 43. Nxc5 Bxc5 44. Bxc5 Ra4 45. Kd5 {'+/-' Ribli. Ribli:
'Das Material ist reduziert, aber Weiß hat Gewinnchancen. Schwarz kann nur
abwarten, während Weiß mit dem Läuferpaar und dem König langsam vorankommt.'}
h5 $6 46. f4 f5 47. Bd3 {Ribli: 'Weiß aktiviert den König, der jeztzt nicht
mehr den Läufer decken muß.'} Ra5 48. Kd6 (48. Kd4 {Ribli} Ra4+) 48... Kh7 49.
Bd4 $6 (49. Bc4) 49... Ra3 50. Bb5 Rxg3 {Ribli: 'Der schwarze Bauerngewinn ist
bedeutungslos.'} 51. Bf6 {Ribli: 'der weiße Plan ist klar. Er attackiert mit
Läuferpaar und König den schwarzen König oder den Bauern g6.'} Rf3 52. Be5 (52.
Bg5 {Ribli} Kg7) 52... Rb3 $2 (52... Rh3 $1 53. Ke7 (53. Bf6 $11) 53... Rxh4
54. Kf8 Rg4 55. Bc4 g5 $11) (52... Rg3 $5 {Ribli}) 53. Bc4 Rb4 54. Bf7 Rb7 55.
Ke6 Ra7 (55... Rb6+ {Ribli} 56. Ke7 $16) 56. Kf6 Kh6 $8 (56... Ra6+ $2 57. Kg5
Re6 58. Bf6 $1 $18 (58. Bxe6 $2 $11)) 57. Bc4 {Ribli: 'Weiß verhindert
Schachmöglichkeiten von a6.'} Ra4 58. Bf1 Rb4 59. Bg2 Ra4 (59... Rb6+ {Ribli}
60. Kf7 $16) 60. Kf7 Ra7+ $4 {Ribli: 'Dieser schablonenhafte Zug ist ein
Fehler. Es wäre besser, das Eindringen des Königs mit 60...Kh7 zu verhindern.'}
(60... Kh7 $8 61. Bd5 Ra5 62. Be6 Ra7+ 63. Kf6 Kh6 $1 64. Bd6 Ra8 $8 65. Bc5
Rd8 66. Kf7 Kh7 67. Be7 Rb8 68. Bd7 Rb7 69. Be8 Rb1 70. Kf6 Rb6+ 71. Kf7 Rb1
$11) (60... Kh7 $16 {Ribli}) 61. Kg8 $1 $18 {Ribli: 'Der König steht
ausgezeichnet auf g8 und der schwarze Turm muß jetzt auf der 7. Reihe bleiben.'
} Re7 (61... g5 62. fxg5+ Kg6 63. Bc6 Re7 64. Bf6 Re6 65. Bd7 Re3 66. Kf8 f4
67. Be8+ Kf5 68. Bxh5 f3 69. g6 f2 70. g7 Rg3 71. Bg5 f1=Q 72. g8=Q $18) 62.
Bc6 $1 {'+-(.)' Ribli.} (62. Bf6 {Ribli} Re8+) 62... g5 (62... Ra7 {Ribli} 63.
Bf6 $18 {[%csl Rh6][%cal Rf6g5,Rg5h6] Und der schwarze König befindet sich im
Mattnetz.}) 63. hxg5+ Kg6 64. Bf6 Re6 (64... Re1 {Ribli} 65. Be5 {[%cal Rc6e8,
Re8g6]} Rxe5 (65... h4 66. Be8#) 66. fxe5 Kxg5 67. Kg7 $18 {[%cal Re5e6,Re6e7,
Re7e8]}) 65. Bd7 Re4 66. Be5 $1 {Ribli: 'Schwarz gab auf, denn er kann seinen
König nicht aus dem Mattnetz befreien.'} 1-0

[Event "Cannes"]
[Site "Cannes"]
[Date "1986.??.??"]
[Round "3"]
[White "Karlsson, Lars"]
[Black "Andruet, Gilles"]
[Result "1-0"]
[WhiteElo "2520"]
[BlackElo "2410"]
[Annotator "Dolmatov,S"]
[PlyCount "107"]
[EventDate "1986.02.??"]
[EventType "tourn"]
[EventRounds "9"]
[EventCountry "FRA"]
[EventCategory "10"]
[SourceTitle "MCL"]
[Source "ChessBase"]
[SourceDate "1999.07.01"]
[SourceVersion "1"]
[SourceVersionDate "1999.07.01"]
[SourceQuality "1"]

1. c4 e6 2. Nf3 b6 3. g3 Bb7 4. Bg2 Nf6 5. O-O Be7 6. b3 O-O 7. Bb2 c5 8. e3 d5
9. d3 Nc6 $10 10. Qe2 Qc7 11. a3 Rfd8 12. Nbd2 Rac8 (12... Rd7 $5 13. Rfd1 Rad8
) 13. Rac1 Qb8 14. Ne1 Rd7 (14... a6 $5 15. f4 b5 16. Bxf6 $2 Bxf6 17. cxb5
axb5 18. Rxc5 Nd4 $19) 15. f4 Rcd8 16. g4 a6 (16... dxc4 17. bxc4 $14 (17. Nxc4
Nd5 $13)) 17. g5 Ne8 18. Qg4 dxc4 $6 (18... b5 $5 19. cxd5 exd5 20. Nef3 g6
$132) 19. Nxc4 b5 20. Bxc6 Bxc6 21. Ne5 Rc7 22. N1f3 Nd6 (22... Ba8 23. Nxf7
Kxf7 (23... Bxf3 24. Nh6+ (24. Qxe6 Bd5 25. Nh6+ Kh8 $10) 24... gxh6 25. Qxe6+
Kf8 26. Qxh6+ $16) 24. g6+ $1 (24. Ne5+ Kf8 25. Qh5 Bd6 26. Qxh7) 24... hxg6
25. Ne5+ Kf8 26. Qxe6 $18) 23. Nxc6 Rxc6 24. Ne5 Rc7 25. Rf3 c4 26. Rh3 cxd3
27. Rxc7 Qxc7 28. Qh5 Bxg5 (28... h6 29. gxh6 d2 30. hxg7) 29. Qxh7+ Kf8 30.
fxg5 d2 31. Qd3 Ne8 (31... Nb7 32. Rh8+ Ke7 33. Rxd8 Qxd8 34. Nc6+) 32. Rh8+
Ke7 33. Nc6+ $1 Qxc6 34. Bf6+ gxf6 35. gxf6+ Kxf6 36. Qxd8+ Kg7 37. Rh4 Qc3 (
37... Qc1+ 38. Kg2 d1=Q 39. Qg5+ Kf8 40. Rh8#) 38. Qd4+ Nf6 39. Qxc3 d1=Q+ 40.
Kf2 Kg6 41. Rh6+ $18 Kxh6 42. Qxf6+ Kh7 43. Qxf7+ Kh8 44. Qxe6 Qd2+ 45. Kg3
Qe1+ 46. Kg4 Qg1+ 47. Kf5 Qf2+ 48. Kg6 Qg2+ 49. Kf7 Qb7+ 50. Kf8 Qf3+ 51. Ke7
Qb7+ 52. Kd6 Qb6+ 53. Kd5 Qd8+ 54. Kc6 1-0